|
|
|
|
| LEADER |
00000naa a2200000uu 4500 |
| 001 |
vtls010952468 |
| 003 |
SK-MaSNL |
| 005 |
20260302123703.0 |
| 008 |
210906|1995 xo |||||||||||||||||slo| |
| 015 |
|
|
|a SNBRA
|
| 035 |
|
|
|a (urnnbn)urn:nbn:sk:snk:ar-a0bkue
|
| 035 |
|
|
|a (uuid)901f7ed0-6d0c-4436-aef5-fc242593d6a0
|
| 035 |
|
|
|a urn:nbn:sk:snk-aaucuw
|
| 040 |
|
|
|a SNKBUCL
|b slo
|c SNKBUCL
|e AACR2
|
| 041 |
0 |
|
|a slo
|
| 044 |
|
|
|a xo
|c SK
|
| 100 |
1 |
|
|a Zlinská, Adriena
|4 aut
|9 10485
|
| 245 |
1 |
0 |
|a LITOSTRATIGRAFIA A SEDIMENTAČNÉ PROSTREDIE PREŠOVSKEJ DEPRESIE
|c Adriena Zlinská, Dionýz Vass, Juraj Janočko, Stanislav Karoli
|
| 700 |
1 |
|
|a Vass, Dionýz,
|d 1934-
|4 aut
|9 182931
|
| 700 |
1 |
|
|a Janočko, Juraj
|4 aut
|9 665797
|
| 700 |
1 |
|
|a Karoli, Stanislav
|4 aut
|9 10949
|
| 773 |
0 |
|
|t III. geologické dni Jána Slávika
|d Bratislava : Geologický ústav Dionýza Štúra, 1995
|g S. 79-81
|z 8085314428
|
| 958 |
|
|
|a OND
|
| 958 |
|
|
|a article11
|
| 958 |
|
|
|a chapter
|
| 999 |
|
|
|c 1284256
|d 1286186
|